00377nam a2200169Ia 4500008004100000020001800041245001200059245002000071260001500091260001600106260000900122300001500131300002500146300001000171500000700181999001900188170705s9999 xx 000 0 und d a9780590273626 aPizza / cSaturino Romay. aNew York : bScholastic, c1994 a16 pages : bcolor illustration ; c19cm. aBR c335268d335268